[Event "62nd ch-IND 2025"]
[Site "Guntur IND"]
[Date "2025.09.23"]
[Round "3.42"]
[White "Mann Akbari"]
[Black "Panda, Sambit"]
[Result "1/2-1/2"]
[BlackTitle "IM"]
[WhiteElo "1982"]
[BlackElo "2368"]
[WhiteFideId "33420769"]
[BlackFideId "25091794"]
[EventDate "2025.09.21"]

1. e4 e6 2. d4 d5 3. Nc3 a6 4. a3 Be7 5. Nf3 Nf6 6. Bd3 c5 7. exd5 exd5 8. dxc5
Bxc5 9. O-O O-O 10. Bg5 Be6 11. Qd2 Nbd7 12. Rfe1 Re8 13. Rad1 Rc8 14. h3 h6 15.
Bh4 Qc7 16. Kh1 Bxa3 17. Nb5 axb5 18. bxa3 Qc5 19. Nd4 Qxa3 20. f4 Qb2 21. Rb1
Qxd4 22. Bh7+ Kxh7 23. Qxd4 Rc4 24. Qd3+ g6 25. Rxb5 Bf5 26. Qf1 Rxe1 27. Qxe1
Be4 28. Bxf6 Nxf6 29. Qa1 d4 30. Qa2 Rc7 31. Rc5 Rd7 32. Qa4 Bc6 33. Qa1 Nh5 34.
Qc1 1/2-1/2

[Event "62nd ch-IND 2025"]
[Site "Guntur IND"]
[Date "2025.09.23"]
[Round "3.43"]
[White "Viani, Antonio Dcunha"]
[Black "Shreyash, Shuvam Patnaik"]
[Result "1-0"]
[WhiteTitle "IM"]
[WhiteElo "2355"]
[BlackElo "1978"]
[WhiteFideId "5027330"]
[BlackFideId "35047272"]
[EventDate "2025.09.21"]

1. c4 e6 2. Nc3 Nf6 3. e4 d5 4. e5 d4 5. exf6 dxc3 6. bxc3 Qxf6 7. d4 c5 8. Nf3
Nc6 9. Bg5 Qg6 10. Bd3 Qh5 11. d5 Ne5 12. Nxe5 Qxg5 13. Qa4+ Ke7 14. d6+ Kf6 15.
Nf3 Qxg2 16. Ke2 Bxd6 17. h3 Bg3 18. Raf1 Bd7 19. Qc2 Bc6 20. Be4 Bh4 21. Rh2
Qxh2 22. Nxh2 Ke7 23. Bxc6 bxc6 24. Qe4 Bf6 25. Qxc6 Rhc8 26. Qe4 Bxc3 27. Rb1
Kf8 28. Qxh7 g6 29. Rb7 Bg7 30. Qh4 1-0

[Event "62nd ch-IND 2025"]
[Site "Guntur IND"]
[Date "2025.09.24"]
[Round "4.1"]
[White "Ganguly, Surya Shekhar"]
[Black "Manish Anto, Cristiano F"]
[Result "1-0"]
[WhiteTitle "GM"]
[BlackTitle "IM"]
[WhiteElo "2573"]
[BlackElo "2368"]
[WhiteFideId "5002150"]
[BlackFideId "25095927"]
[EventDate "2025.09.21"]

1. c4 e5 2. g3 Nf6 3. Bg2 d5 4. cxd5 Nxd5 5. Nf3 Nc6 6. O-O Nb6 7. b3 Be7 8. Bb2
f6 9. Nc3 O-O 10. Qc1 Be6 11. Rd1 a6 12. d4 exd4 13. Ne4 Nd7 14. Nxd4 Nxd4 15.
Bxd4 c6 16. Qf4 Qb8 17. Qe3 Re8 18. Ng5 Bf5 19. Qf3 Bg6 20. Ne6 Nf8 21. Nf4 Bf7
22. h4 Ne6 23. Be3 Bd6 24. Nd3 Qc7 25. Qg4 Rad8 26. Rd2 Qa5 27. b4 Qh5 28. Qh3
Bxb4 29. Nxb4 Rxd2 30. Bxd2 Qxe2 31. Bc3 a5 32. Bf1 Qf3 33. Nd3 Rd8 34. Re1 Rxd3
35. Bxa5 Ra3 36. Bg2 Qd3 37. Rxe6 Rxa5 38. Rxc6 h5 39. Qc8+ Kh7 40. Rc7 Qb1+ 41.
Kh2 Rxa2 42. Rxf7 Rxf2 43. Qc4 b5 44. Qd5 Qa2 45. Qe4+ Kg8 46. Rc7 Qe2 47. Rc8+
Kf7 48. Qb7+ Kg6 49. Rg8 Rxg2+ 50. Qxg2 Qc4 51. Re8 1-0

[Event "62nd ch-IND 2025"]
[Site "Guntur IND"]
[Date "2025.09.24"]
[Round "4.2"]
[White "Aaditya, Dhingra"]
[Black "Sethuraman, S.P."]
[Result "1/2-1/2"]
[WhiteTitle "IM"]
[BlackTitle "GM"]
[WhiteElo "2391"]
[BlackElo "2572"]
[WhiteFideId "25678191"]
[BlackFideId "5021596"]
[EventDate "2025.09.21"]

1. e4 d6 2. d4 Nf6 3. Nc3 e5 4. Nf3 Nbd7 5. Rg1 c6 6. g4 h6 7. Be3 Be7 8. h4 Nf8
9. dxe5 Nxg4 10. exd6 Qxd6 11. Bd4 Qf4 12. Qd3 Rg8 13. Ne2 Qc7 14. O-O-O Be6 15.
Bh3 Nf6 16. Be5 Qb6 17. Bxe6 Nxe6 18. Bxf6 Bxf6 19. e5 Be7 20. Qd7+ Kf8 21. Nfd4
Nxd4 22. Nxd4 Rd8 23. Qf5 c5 24. e6 Bf6 25. exf7 Kxf7 26. Qg6+ Kf8 27. Ne6+ Ke7
28. Rxd8 Qxb2+ 29. Kd1 Rxd8+ 30. Nxd8 Kxd8 31. Re1 Qb1+ 32. Ke2 Qxa2 33. Kf1
Qc4+ 34. Kg1 Kc7 35. Qg3+ Kc6 36. Qh3 Qd5 37. Qc8+ Kb6 38. c4 Qxc4 39. Rb1+ Ka5
40. Qxb7 1/2-1/2

[Event "62nd ch-IND 2025"]
[Site "Guntur IND"]
[Date "2025.09.24"]
[Round "4.3"]
[White "Sasikiran, Krishnan"]
[Black "Harshit, Ranjan Sahu"]
[Result "1-0"]
[WhiteTitle "GM"]
[BlackTitle "CM"]
[WhiteElo "2524"]
[BlackElo "2258"]
[WhiteFideId "5004985"]
[BlackFideId "25638815"]
[EventDate "2025.09.21"]

1. e4 e5 2. Nf3 Nf6 3. Nxe5 d6 4. Nf3 Nxe4 5. d4 d5 6. Bd3 Be7 7. O-O Nc6 8. Nc3
Nxc3 9. bxc3 O-O 10. h3 Bf6 11. Re1 Ne7 12. Ne5 Bf5 13. Ng4 Bxg4 14. hxg4 Ng6
15. Rb1 b6 16. f4 h6 17. g5 hxg5 18. Qh5 Re8 19. Rf1 gxf4 20. Bxf4 Nxf4 21. Rxf4
Re6 22. Rbf1 a5 23. Qh7+ Kf8 24. g4 Ke7 25. g5 Bxg5 26. Rxf7+ Kd6 27. Rxg7 Be7
28. Rg6 Bf6 29. Qf7 Qe7 30. Qxf6 Rxf6 31. Rfxf6+ Kd7 32. Bf5+ 1-0

[Event "62nd ch-IND 2025"]
[Site "Guntur IND"]
[Date "2025.09.24"]
[Round "4.4"]
[White "Aronyak, Ghosh"]
[Black "Nandish V S"]
[Result "1-0"]
[WhiteTitle "IM"]
[BlackTitle "CM"]
[WhiteElo "2514"]
[BlackElo "2252"]
[WhiteFideId "25072846"]
[BlackFideId "45084297"]
[EventDate "2025.09.21"]

1. e4 e5 2. Nf3 Nc6 3. Bc4 Nf6 4. d3 Be7 5. O-O O-O 6. Nc3 d6 7. a3 Bg4 8. h3
Bxf3 9. Qxf3 Nd4 10. Qd1 c6 11. Ba2 Ne6 12. Be3 Qc7 13. Qf3 Rad8 14. Rae1 b5 15.
h4 a5 16. Ne2 d5 17. h5 h6 18. Ng3 Nh7 19. Nf5 Nhg5 20. Qg4 Bf6 21. g3 dxe4 22.
dxe4 Kh8 23. Rd1 Rxd1 24. Rxd1 Rd8 25. Rd3 Rxd3 26. cxd3 Qd7 27. Qe2 Nh7 28. Qd2
Nhg5 29. Kg2 g6 30. hxg6 fxg6 31. Nh4 Kh7 32. Bxe6 Nxe6 33. Nf3 g5 34. Qc3 Qd6
35. a4 bxa4 36. Qc4 Qd7 37. Qxa4 g4 38. Nd2 Bg5 39. Nc4 Bxe3 40. Nxe3 Qxd3 41.
Qxc6 Ng5 42. Qc7+ Kg6 43. Qxe5 Qxe4+ 44. Qxe4+ Nxe4 45. Nxg4 Nc5 46. Ne5+ Kf5
47. f4 Ke4 48. Nc4 a4 49. Nb6 h5 50. Kh3 Kf5 51. Kh4 Kg6 52. Nc4 Ne4 53. Ne5+
Kh6 54. f5 Kg7 55. Nd7 Kf7 56. Nb6 Kf6 57. Nxa4 Kxf5 58. Nc3 Nf6 59. Ne2 Kg6 60.
Nf4+ Kh6 61. b4 Ne4 62. b5 Nd6 63. b6 Nf5+ 64. Kh3 Nd6 65. Ne6 Nb7 66. Kh4 Kg6
67. Nf4+ Kf5 68. Kxh5 Ke5 69. g4 Kxf4 70. g5 Kf5 71. g6 Kf6 72. Kh6 Nd6 73. b7
Nxb7 74. g7 Nd6 75. g8=Q Nf5+ 76. Kh5 Ng7+ 77. Kg4 Ne6 78. Qh8+ Kg6 79. Qe5 Ng7
80. Qe7 Kh6 81. Qf7 Kh7 82. Kg5 Kh8 83. Kg6 Ne6 84. Qe8+ Nf8+ 85. Qxf8# 1-0

[Event "62nd ch-IND 2025"]
[Site "Guntur IND"]
[Date "2025.09.24"]
[Round "4.5"]
[White "Srihari, L"]
[Black "Gupta, Abhijeet"]
[Result "1/2-1/2"]
[WhiteTitle "IM"]
[BlackTitle "GM"]
[WhiteElo "2373"]
[BlackElo "2511"]
[WhiteFideId "46642056"]
[BlackFideId "5010608"]
[EventDate "2025.09.21"]

1. e4 e5 2. Nf3 Nc6 3. Bc4 Nf6 4. d3 h6 5. O-O Bc5 6. c3 d6 7. Re1 O-O 8. h3 a5
9. Bb5 Bd7 10. Be3 Bxe3 11. Rxe3 Ne7 12. Bxd7 Nxd7 13. d4 a4 14. c4 Ng6 15. Nc3
Nb6 16. Qf1 c6 17. Rd1 Qe7 18. g3 Qe6 19. d5 cxd5 20. Nxd5 Nxd5 21. Rxd5 Ne7 22.
Rd2 f5 23. c5 fxe4 24. Rxd6 Qxa2 25. Nxe5 Nf5 26. Rxe4 Nxd6 27. cxd6 Qxb2 28.
Qc4+ Kh7 29. Nd3 Qf6 30. Re6 Qf3 31. Nf4 Rac8 32. Qf1 Qb3 33. d7 Rcd8 34. Re3
Qf7 35. Ne6 Qxd7 36. Nxf8+ Rxf8 37. Qb1+ Kh8 38. Qb4 Qf5 39. f4 Rd8 40. Qxa4 b5
41. Qa5 Rc8 42. Qe1 Qd7 43. h4 Qd4 44. Qf2 Rc1+ 45. Kh2 Kh7 46. Qf3 b4 47. Qe4+
Qxe4 48. Rxe4 b3 49. Rb4 Rc2+ 50. Kh3 Rc3 51. h5 Kg8 52. Rb7 Kf8 53. Kh4 Rd3 54.
Kg4 Re3 55. Kh4 Rd3 56. Kg4 Re3 1/2-1/2

[Event "62nd ch-IND 2025"]
[Site "Guntur IND"]
[Date "2025.09.24"]
[Round "4.6"]
[White "Rohith, Krishna S"]
[Black "Ankit Ray"]
[Result "1/2-1/2"]
[WhiteTitle "IM"]
[BlackTitle "FM"]
[WhiteElo "2503"]
[BlackElo "2221"]
[WhiteFideId "46617051"]
[BlackFideId "25770624"]
[EventDate "2025.09.21"]

1. d4 d5 2. c4 e6 3. Nf3 h6 4. Nc3 Nf6 5. Bf4 Bd6 6. Bxd6 Qxd6 7. e3 O-O 8. Rc1
Qe7 9. cxd5 exd5 10. Bd3 c6 11. O-O Bg4 12. Qb3 Bxf3 13. gxf3 Ne8 14. Kh1 Qf6
15. f4 Nd6 16. Rg1 Qe7 17. f5 Nd7 18. Rg3 Rfb8 19. Rcg1 Ne8 20. Qd1 Ndf6 21. Qd2
Kf8 22. f3 Rd8 23. Qf2 c5 24. dxc5 Qxc5 25. Ne2 Rac8 26. Nd4 Qe7 27. Qd2 Nd7 28.
Bb5 a6 29. Bxd7 Rxd7 30. Qd3 Rdc7 31. Qd2 Qe5 32. R3g2 Rc4 33. Rg4 Qf6 34. Qa5
Qe5 35. Qd2 Qf6 36. Qa5 1/2-1/2

[Event "62nd ch-IND 2025"]
[Site "Guntur IND"]
[Date "2025.09.24"]
[Round "4.7"]
[White "Alekhya, Mukhopadhyay"]
[Black "Lalit Babu M R"]
[Result "0-1"]
[BlackTitle "GM"]
[WhiteElo "2264"]
[BlackElo "2502"]
[WhiteFideId "25600826"]
[BlackFideId "5024595"]
[EventDate "2025.09.21"]

1. e4 e6 2. Nf3 d5 3. Nc3 d4 4. Ne2 c5 5. c3 Nf6 6. cxd4 cxd4 7. e5 Nfd7 8. Qa4
Nc6 9. Nexd4 Ndxe5 10. Bb5 Bd7 11. Nxe5 Nxe5 12. Bxd7+ Qxd7 13. Qxd7+ Kxd7 14.
Ke2 Rc8 15. b3 Be7 16. Bb2 Bf6 17. Bc3 Rc5 18. Rac1 Rhc8 19. Bb2 Rxc1 20. Rxc1
Nc6 21. Nxc6 Bxb2 22. Rc2 Rxc6 23. Rxb2 Rc1 24. h4 Kc6 25. d3 Kd5 26. Kd2 Rc6
27. Ke3 b5 28. b4 Rc3 29. Rb3 Rxb3 30. axb3 e5 31. h5 g5 32. h6 f5 33. g3 g4 34.
Ke2 Kd4 35. Kd2 e4 36. dxe4 Kxe4 37. Ke2 f4 38. gxf4 Kxf4 39. Kd2 Kg5 40. Ke3
Kxh6 41. Kf4 Kh5 42. Kf5 Kh4 43. Kf6 0-1

[Event "62nd ch-IND 2025"]
[Site "Guntur IND"]
[Date "2025.09.24"]
[Round "4.8"]
[White "Kumaresh, A"]
[Black "Ajay Santhosh Parvathareddy"]
[Result "1/2-1/2"]
[WhiteTitle "CM"]
[BlackTitle "FM"]
[WhiteElo "2256"]
[BlackElo "2482"]
[WhiteFideId "45022259"]
[BlackFideId "25998676"]
[EventDate "2025.09.21"]

1. e4 c5 2. Nc3 Nc6 3. g3 g6 4. Bg2 Bg7 5. Nge2 d6 6. d3 e6 7. O-O Nge7 8. Be3
Nd4 9. Qd2 O-O 10. Rae1 Rb8 11. Nd1 b5 12. c3 Nxe2+ 13. Rxe2 Kh8 14. Kh1 Kg8 15.
Kg1 Kh8 16. Kh1 Kg8 17. Kg1 Kh8 18. Kh1 1/2-1/2

[Event "62nd ch-IND 2025"]
[Site "Guntur IND"]
[Date "2025.09.24"]
[Round "4.9"]
[White "Srihari, L R"]
[Black "Aadik Theophane Lenin"]
[Result "1/2-1/2"]
[WhiteTitle "GM"]
[WhiteElo "2481"]
[BlackElo "2108"]
[WhiteFideId "46617116"]
[BlackFideId "33362041"]
[EventDate "2025.09.21"]

1. Nf3 Nf6 2. c4 c5 3. Nc3 Nc6 4. e3 e5 5. d4 exd4 6. exd4 cxd4 7. Nxd4 d5 8.
Bf4 Bb4 9. Be2 O-O 10. O-O dxc4 11. Nxc6 bxc6 12. Bxc4 Bxc3 13. Qxd8 Rxd8 14.
bxc3 Nd5 15. Be5 Nb6 16. Bb3 Ba6 17. Rfe1 Bc4 18. Bd4 Bxb3 19. axb3 Nd5 20. Ra5
Rab8 21. Ra3 c5 22. Bxc5 Nxc3 23. Bxa7 Nb5 24. Bxb8 Nxa3 25. Bc7 Rc8 26. Bd6 Nb5
27. Bc5 f6 28. b4 Rb8 29. Kf1 Nc3 30. Rc1 Ne4 31. Ke2 Kf7 32. Kd3 Nxc5+ 33. bxc5
Ke6 34. Kd4 Rd8+ 35. Kc3 Rd5 36. Kb4 Kd7 37. Ra1 Rd2 38. Ra7+ Kc6 39. Rxg7 Rxf2
40. Kc4 h5 41. Kd4 Rf4+ 42. Ke3 Rf5 43. Ke4 Rf2 44. Ke3 Rf5 45. Ra7 Rxc5 46.
Ra6+ Kd7 47. Rxf6 Ke7 48. Rf4 Ke6 49. Kf2 Ke5 50. Kg3 Rc3+ 51. Rf3 Rc4 52. Kh3
Rg4 53. Rf8 Rg5 54. Rf3 Ke6 55. Rg3 Kf6 56. Kh4 Ra5 57. Rg8 Rb5 58. h3 Ra5 59.
Rb8 Kg6 60. Rb6+ Kg7 61. Re6 Rb5 62. Kg3 Rf5 63. Rd6 Rg5+ 64. Kf3 Rf5+ 65. Ke3
Kh7 66. g3 Kg7 67. Ke4 Rf1 68. h4 Rf2 69. Rd5 Kg6 70. Rg5+ Kh6 71. Rf5 Rg2 72.
Kf3 Rg1 73. Kf2 Ra1 74. Rf6+ Kg7 75. Re6 Ra3 76. Re3 Ra4 77. Kf3 Kf6 78. Re8 Ra1
79. Rg8 Ra3+ 80. Kg2 Ra2+ 81. Kh3 Ra5 82. Kg2 Ra2+ 83. Kf3 Ra5 84. Ke4 Re5+ 85.
Kd4 Ra5 86. Re8 Ra4+ 87. Ke3 Ra1 88. Rg8 Ra5 89. Rd8 Re5+ 90. Kd4 Re1 91. Rg8
Rd1+ 92. Kc4 Rc1+ 93. Kd5 Ra1 94. Ke4 Ra4+ 95. Kd3 Ra5 96. Rf8+ Kg7 97. Rc8 Ra3+
98. Rc3 Rxc3+ 99. Kxc3 Kf6 100. Kd4 Kf5 101. Ke3 Kg4 102. Kf2 Kf5 103. Kf3 Ke5
104. g4 hxg4+ 105. Kxg4 Kf6 106. h5 Kg7 107. h6+ Kxh6 1/2-1/2

[Event "62nd ch-IND 2025"]
[Site "Guntur IND"]
[Date "2025.09.24"]
[Round "4.10"]
[White "Ayush, Sharma"]
[Black "Abhishek T M"]
[Result "1/2-1/2"]
[WhiteTitle "IM"]
[WhiteElo "2457"]
[BlackElo "2077"]
[WhiteFideId "45010943"]
[BlackFideId "35048252"]
[EventDate "2025.09.21"]

1. e4 c5 2. Nf3 d6 3. d4 cxd4 4. Nxd4 Nf6 5. Nc3 a6 6. Bd3 g6 7. f3 Qb6 8. a3
Nc6 9. Be3 e5 10. Nf5 Qd8 11. Ng3 Bg7 12. h4 d5 13. exd5 Nxd5 14. Nxd5 Qxd5 15.
Qd2 f5 16. Ne2 Be6 17. Nc3 Qa5 18. O-O-O O-O-O 19. Kb1 b5 20. Qf2 Kb7 21. Bc5 b4
22. Na2 Bxa2+ 23. Kxa2 Rd5 24. Be3 Rhd8 25. Ra1 e4 26. fxe4 bxa3 27. Kb1 Rxd3
28. cxd3 Rxd3 29. exf5 Qe5 30. Re1 Qe4 31. Qc2 Nb4 32. Bd2 Nxc2 33. Rxe4 Nxa1
34. Re7+ Kc6 35. Rxg7 Rxd2 36. fxg6 Nb3 37. bxa3 hxg6 38. Rxg6+ Kb5 39. h5 Kc4
40. h6 Rd1+ 41. Kc2 Rd2+ 42. Kb1 Rd1+ 1/2-1/2

[Event "62nd ch-IND 2025"]
[Site "Guntur IND"]
[Date "2025.09.24"]
[Round "4.11"]
[White "Audi, Ameya"]
[Black "Mahindrakar, Indrajeet"]
[Result "1-0"]
[WhiteTitle "IM"]
[WhiteElo "2430"]
[BlackElo "2074"]
[WhiteFideId "25034430"]
[BlackFideId "35023721"]
[EventDate "2025.09.21"]

1. e4 e6 2. d4 d5 3. Nc3 Nf6 4. e5 Nfd7 5. f4 c5 6. Nf3 Nc6 7. Be3 Be7 8. Qd2
O-O 9. dxc5 Qa5 10. a3 a6 11. Nd4 Nxd4 12. b4 Nxc2+ 13. Qxc2 Qc7 14. Bd4 f6 15.
Bd3 fxe5 16. Bxh7+ Kh8 17. fxe5 Bh4+ 18. g3 Nxe5 19. O-O-O Bg5+ 20. Kb1 Nf3 21.
Bg6 Bd7 22. h4 Bh6 23. g4 Qf4 24. g5 Nxd4 25. Qb2 e5 26. Nxd5 Bf5+ 27. Bxf5
Qxf5+ 28. Ka1 Rad8 29. gxh6 Rxd5 30. hxg7+ Kxg7 31. Qg2+ Kh8 32. Qxd5 Nc2+ 33.
Ka2 Ne3 34. Qd3 Qe6+ 35. Ka1 Nxd1 36. Qxd1 Qf7 37. Qd6 Qg7 38. Rd1 Rf3 39. Qd8+
Kh7 40. Rd7 Rf7 41. Rxf7 Qxf7 42. Qd3+ Kh8 43. Kb1 Qg8 44. Kb2 Qg2+ 45. Kc3 Qa2
46. Qd8+ Kh7 47. Qe7+ Kg8 48. Qe8+ Kh7 49. Qd7+ Kg6 50. Qg4+ Kh6 51. Qg5+ Kh7
52. Qh5+ Kg8 53. Qg4+ Kh7 54. Qf5+ Kh6 55. Qg5+ Kh7 56. Qh5+ Kg8 57. Qd1 Kg7 58.
Qc1 Kh8 59. h5 Kg7 60. Qg5+ Kh7 61. Qf5+ Kg8 62. Qc8+ Kg7 63. Qxb7+ Kh8 64. Qc8+
Kg7 65. Qd7+ Kg8 66. c6 Qxa3+ 67. Kc4 Qc1+ 68. Kd5 Qd1+ 69. Ke6 Qg4+ 70. Kxe5
Qxh5+ 71. Kd6 Qh2+ 72. Kc5 Qc2+ 73. Kb6 Qc4 74. c7 Qxb4+ 75. Ka7 Qc5+ 76. Ka8 1-0

[Event "62nd ch-IND 2025"]
[Site "Guntur IND"]
[Date "2025.09.24"]
[Round "4.12"]
[White "Gadhavi Veerbhadrasinh"]
[Black "Goutham Krishna H"]
[Result "0-1"]
[WhiteTitle "CM"]
[BlackTitle "IM"]
[WhiteElo "2077"]
[BlackElo "2418"]
[WhiteFideId "25793136"]
[BlackFideId "25983504"]
[EventDate "2025.09.21"]

1. d4 Nf6 2. c4 c5 3. Nf3 a6 4. Nc3 cxd4 5. Nxd4 d5 6. Bg5 e5 7. Nf3 d4 8. Nd5
Nbd7 9. e4 Be7 10. Bxf6 Nxf6 11. Bd3 Bd6 12. Nd2 O-O 13. O-O Be6 14. Kh1 Nd7 15.
b4 Bxd5 16. exd5 Bxb4 17. Bxh7+ Kxh7 18. Qb1+ f5 19. Qxb4 b6 20. Qa3 Qf6 21. f4
e4 22. Qh3+ Kg8 23. Nxe4 fxe4 24. Qxd7 Rae8 25. Rae1 d3 26. Re3 Qd4 27. Qh3 Rxf4
28. Rxf4 Qa1+ 0-1

[Event "62nd ch-IND 2025"]
[Site "Guntur IND"]
[Date "2025.09.24"]
[Round "4.13"]
[White "Aaradhya Jain"]
[Black "Jain, Kashish Manoj"]
[Result "0-1"]
[BlackTitle "IM"]
[WhiteElo "1913"]
[BlackElo "2398"]
[WhiteFideId "25786113"]
[BlackFideId "35081098"]
[EventDate "2025.09.21"]

1. d4 e6 2. c4 b6 3. Nc3 Bb7 4. Nf3 Nf6 5. e3 d5 6. Bd3 Bd6 7. O-O O-O 8. Qe2 c5
9. Rd1 Nbd7 10. Bd2 dxc4 11. Bxc4 Bxf3 12. Qxf3 cxd4 13. exd4 Bxh2+ 14. Kh1 Bd6
15. Ba6 Ne8 16. Nb5 Nc7 17. Nxc7 Bxc7 18. Bb4 Qh4+ 19. Kg1 Qh2+ 20. Kf1 Bd6 21.
Bxd6 Qxd6 22. Rac1 Rad8 23. g3 Nf6 24. a3 Qe7 25. Rd3 Rd5 26. Qf4 Rfd8 27. Rc6
h5 28. Bc4 R5d6 29. Rxd6 Rxd6 30. Qf3 Qd8 31. Qf4 Rc6 32. Rc3 Qc7 33. Qxc7 Rxc7
34. Ke2 Ne4 35. Rc2 Nd6 36. Bd3 Rxc2+ 37. Bxc2 g5 38. Bd3 Kg7 39. Ke3 Kf6 40.
Be2 Nf5+ 41. Ke4 Nd6+ 42. Ke3 h4 43. gxh4 gxh4 44. Kf4 Nf5 45. Ke4 h3 46. Bf3
Nd6+ 47. Kd3 Kf5 48. b3 Kf4 49. Bh1 h2 50. a4 a5 51. Bg2 f5 52. Bh1 Ne4 53. Ke2
e5 54. dxe5 Kxe5 55. Kf3 Nd2+ 56. Kg2 Nxb3 57. Kxh2 b5 58. axb5 a4 59. b6 Nc5
60. f4+ 0-1

[Event "62nd ch-IND 2025"]
[Site "Guntur IND"]
[Date "2025.09.24"]
[Round "4.14"]
[White "Iniyan, Pa"]
[Black "Shreyas"]
[Result "1-0"]
[WhiteTitle "GM"]
[WhiteElo "2599"]
[BlackElo "1911"]
[WhiteFideId "25002767"]
[BlackFideId "33367469"]
[EventDate "2025.09.21"]

1. d4 Nf6 2. c4 e6 3. Nf3 d5 4. Nc3 Be7 5. Bg5 h6 6. Bxf6 Bxf6 7. cxd5 exd5 8.
e3 c6 9. Bd3 Be6 10. Qb3 Qb6 11. Qc2 Nd7 12. O-O O-O 13. Nd2 Be7 14. f4 Nf6 15.
Nf3 Rad8 16. h3 Rfe8 17. g4 Bb4 18. Ne5 Bxc3 19. bxc3 Ne4 20. f5 f6 21. Rab1 Qc7
22. fxe6 fxe5 23. Bxe4 dxe4 24. Rf7 Re7 25. Rxe7 Qxe7 26. Qxe4 Rd5 27. Qg6 exd4
28. cxd4 Qh4 29. Kg2 Rg5 30. Qf7+ Kh7 31. e7 1-0

[Event "62nd ch-IND 2025"]
[Site "Guntur IND"]
[Date "2025.09.24"]
[Round "4.15"]
[White "Surendran, N"]
[Black "Vignesh, N R"]
[Result "1/2-1/2"]
[BlackTitle "GM"]
[WhiteElo "2158"]
[BlackElo "2516"]
[WhiteFideId "5021243"]
[BlackFideId "25012215"]
[EventDate "2025.09.21"]

1. d4 Nf6 2. Nf3 d5 3. c4 e6 4. Nc3 a6 5. cxd5 exd5 6. Bg5 Be6 7. e3 Nbd7 8. Bd3
Bd6 9. O-O c6 10. Rb1 O-O 11. b4 Qc7 12. Bh4 Rfe8 13. a4 Rac8 14. Bg3 Bxg3 15.
hxg3 Qd6 16. Ng5 h6 17. Nxe6 Qxe6 18. Qc2 g6 19. Rfe1 Kg7 20. Qb2 h5 21. e4 dxe4
22. Nxe4 Nxe4 23. Rxe4 Qd6 24. Rbe1 Rxe4 25. Bxe4 Re8 26. d5+ Nf6 27. dxc6 bxc6
28. Qc3 Rb8 29. Rb1 c5 30. b5 Kg8 31. Bf3 axb5 32. axb5 Ng4 33. Rd1 Qe5 34. Qc4
Qb2 35. Bxg4 hxg4 36. Rd7 Qa1+ 37. Kh2 Qh8+ 38. Kg1 Qa1+ 1/2-1/2

[Event "62nd ch-IND 2025"]
[Site "Guntur IND"]
[Date "2025.09.24"]
[Round "4.16"]
[White "Sengupta, Deep"]
[Black "Esshan Wadhawan"]
[Result "1/2-1/2"]
[WhiteTitle "GM"]
[WhiteElo "2490"]
[BlackElo "2207"]
[WhiteFideId "5008352"]
[BlackFideId "45062056"]
[EventDate "2025.09.21"]

1. Nf3 c5 2. c4 Nc6 3. d4 cxd4 4. Nxd4 Nf6 5. Nc3 e6 6. e4 Bb4 7. Nxc6 bxc6 8.
Bd3 e5 9. O-O O-O 10. h3 d6 11. Bg5 h6 12. Bh4 g5 13. Bg3 Bxc3 14. bxc3 Nd7 15.
Qf3 Nc5 16. Rfd1 Qe7 17. Rd2 Be6 18. Rad1 Rad8 19. Be2 f6 20. Qe3 Na4 21. Qd3 c5
22. Qc2 Nb6 23. Qb3 Qc7 24. Qb5 Bd7 25. Qa5 Ba4 26. Re1 Bc6 27. f3 Bd7 28. Red1
Be6 29. Qb5 Bd7 30. Qa5 Ba4 31. Rb1 Bc6 32. Rbd1 Rd7 33. Bf2 Rfd8 34. Bf1 1/2-1/2

[Event "62nd ch-IND 2025"]
[Site "Guntur IND"]
[Date "2025.09.24"]
[Round "4.17"]
[White "Mukund Hemant Agarwal"]
[Black "Prraneeth, Vuppala"]
[Result "0-1"]
[WhiteTitle "CM"]
[BlackTitle "GM"]
[WhiteElo "2169"]
[BlackElo "2475"]
[WhiteFideId "25679791"]
[BlackFideId "46622373"]
[EventDate "2025.09.21"]

1. d4 d5 2. c4 e6 3. Nf3 Nf6 4. Nc3 Bb4 5. cxd5 exd5 6. Bf4 O-O 7. e3 Ne4 8. Qc2
c5 9. Bd3 Bf5 10. dxc5 Nd7 11. c6 bxc6 12. Nd4 Bg6 13. f3 c5 14. Nc6 Bxc3+ 15.
bxc3 Qh4+ 16. g3 Qf6 17. fxe4 c4 18. e5 Qxc6 19. Bxg6 hxg6 20. O-O Rae8 21. Rae1
Nxe5 22. Bxe5 Rxe5 23. Rf4 Rfe8 24. Qf2 f6 25. Rd4 Re4 26. Qd2 R8e5 27. Rxe4
Rxe4 28. Rd1 Re5 29. Qd4 Qe6 30. Rb1 Re4 31. Qxa7 Rxe3 32. Qd4 Re4 33. Qc5 Re2
34. Qd4 Qh3 35. Rb8+ Kh7 36. Qh4+ Qxh4 37. gxh4 Rxa2 38. Rd8 Rd2 39. h3 d4 40.
cxd4 c3 0-1

[Event "62nd ch-IND 2025"]
[Site "Guntur IND"]
[Date "2025.09.24"]
[Round "4.18"]
[White "Harsh, Suresh"]
[Black "Majumder Shrayan"]
[Result "1-0"]
[WhiteTitle "IM"]
[WhiteElo "2443"]
[BlackElo "2161"]
[WhiteFideId "45018464"]
[BlackFideId "45040419"]
[EventDate "2025.09.21"]

1. e4 e6 2. d4 d5 3. exd5 exd5 4. Nf3 Bd6 5. c4 Nf6 6. c5 Be7 7. Bd3 O-O 8. O-O
b6 9. Be3 h6 10. Nc3 a5 11. cxb6 cxb6 12. Ne5 Ba6 13. Nb5 Ne4 14. Rc1 Bg5 15. f4
Bf6 16. Qb3 Bxb5 17. Qxb5 Qd6 18. a3 Ra7 19. Bb1 Rd8 20. Ba2 Re7 21. Rc2 Rc7 22.
Rxc7 Qxc7 23. Bxd5 Nd6 24. Qd3 Qe7 25. Rc1 b5 26. Rc5 Bxe5 27. fxe5 Nc4 28. Rxb5
Nxe3 29. Qxe3 Qd7 30. a4 Qg4 31. h3 Qh4 32. Qf2 Qe7 33. Rb7 Nd7 34. Qf5 1-0

[Event "62nd ch-IND 2025"]
[Site "Guntur IND"]
[Date "2025.09.24"]
[Round "4.19"]
[White "Gyana, Sai Santhosh M"]
[Black "Vignesh Advaith Vemula"]
[Result "1-0"]
[WhiteElo "2098"]
[BlackElo "2431"]
[WhiteFideId "25611135"]
[BlackFideId "25792059"]
[EventDate "2025.09.21"]

1. d4 Nf6 2. c4 e6 3. Nf3 d5 4. g3 Bb4+ 5. Bd2 a5 6. Bg2 O-O 7. O-O dxc4 8. Qc2
b5 9. a4 Bxd2 10. Nfxd2 Ra7 11. axb5 Qxd4 12. Nxc4 Qc5 13. Nba3 c6 14. Nxa5 Qxc2
15. Nxc2 cxb5 16. Rfd1 Rc7 17. Rac1 Bd7 18. Nb4 Rfc8 19. Rxc7 Rxc7 20. f4 Kf8
21. Bf3 Ke7 22. e4 Ne8 23. e5 f6 24. exf6+ gxf6 25. f5 Rc5 26. fxe6 Bxe6 27. Re1
Nc7 28. Nd3 Rg5 29. Kf2 Nd7 30. h4 Rg8 31. Nc6+ Kf8 32. Nf4 Nc5 33. b4 1-0